Central Library OPAC University of Rajshahi

Experiments in polymer science / (Record no. 72295)

MARC details
000 -LEADER
fixed length control field 00808nam a2200253 a 4500
001 - CONTROL NUMBER
control field 72295
003 - CONTROL NUMBER IDENTIFIER
rucl marc code BD-RjUL
005 - DATE AND TIME OF LATEST TRANSACTION
control field 20211209082237.0
008 - FIXED-LENGTH DATA ELEMENTS--GENERAL INFORMATION
fixed length control field 170516s1973 nyua b 001 0 eng d
020 ## - INTERNATIONAL STANDARD BOOK NUMBER
International Standard Book Number 0471165840
-- 0471165859 (pbk.)
035 ## - SYSTEM CONTROL NUMBER
System control number (BD-RjUL)72512
040 ## - CATALOGING SOURCE
Original cataloging agency DLC
Transcribing agency DLC
Modifying agency m.c.
-- MYG
-- BD-RjUL
Language of cataloging eng
041 ## - LANGUAGE CODE
Language code of text/sound track or separate title eng
082 ## - DEWEY DECIMAL CLASSIFICATION NUMBER
Edition number 23
Classification number 547.84028
Author mark and year COE 1973
100 1# - MAIN ENTRY--PERSONAL NAME
Personal name Collins, Edward A.
Dates associated with a name 1928-
9 (RLIN) 213768
245 10 - TITLE STATEMENT
Title Experiments in polymer science /
Statement of responsibility, etc. Edward A. Collins, Jan Bares and Fred W. Billmeyer
260 ## - PUBLICATION, DISTRIBUTION, ETC. (IMPRINT)
Place of publication, distribution, etc. New York :
Name of publisher, distributor, etc. Wiley,
Date of publication, distribution, etc. c1973
300 ## - PHYSICAL DESCRIPTION
Pagination ix, 530 p. :
Illustrations ill. ;
Size 26 cm.
504 ## - BIBLIOGRAPHY, ETC. NOTE
Bibliography, etc Includes bibliographies and index.
650 #0 - SUBJECT ADDED ENTRY--TOPICAL TERM
Topical term or geographic name as entry element Polymers
Form subdivision Laboratory manuals.
9 (RLIN) 213769
700 1# - ADDED ENTRY--PERSONAL NAME
Personal name Bares, Jan.
Personal name Billmeyer, Fred W.
942 ## - ADDED ENTRY ELEMENTS (KOHA)
Source of classification or shelving scheme Dewey Decimal Classification
Koha item type Books
Holdings
Lost status Source of classification or shelving scheme Damaged status Not for loan Collection code Permanent Location Current Location Shelving location Date acquired Source of acquisition Cost, normal purchase price Total Checkouts Full call number Date last seen Date checked out Copy number Koha item type
  Dewey Decimal Classification     Non-fiction Central Library, University of Rajshahi Central Library, University of Rajshahi   12/11/1980 Heffer and sons 12.05 1 547.84028 COE 1973 13/09/2017 29/08/2017 C-6 Books
  Dewey Decimal Classification     Non-fiction Central Library, University of Rajshahi Central Library, University of Rajshahi   12/11/1980 Heffer and sons 12.05   547.84028 COE 1973 16/05/2017   C-5 Books
  Dewey Decimal Classification     Non-fiction Central Library, University of Rajshahi Central Library, University of Rajshahi   12/11/1980 Heffer and sons 12.05   547.84028 COE 1973 16/05/2017   C-4 Books
  Dewey Decimal Classification     Non-fiction Central Library, University of Rajshahi Central Library, University of Rajshahi   12/11/1980 Heffer and sons 12.05   547.84028 COE 1973 16/05/2017   C-3 Books
  Dewey Decimal Classification     Non-fiction Central Library, University of Rajshahi Central Library, University of Rajshahi   12/11/1980 Heffer and sons 12.05   547.84028 COE 1973 16/05/2017   C-2 Books
  Dewey Decimal Classification   Not For Loan Non-fiction Central Library, University of Rajshahi Central Library, University of Rajshahi Reading Room 12/11/1980 Heffer and sons 12.05   547.84028 COE 1973 16/05/2017   C-1 Books